000 00291nam a2200121Ia 4500
008 240731s9999 xx 000 0 und d
022 _a1839-3535
245 0 _aContemporary Nurse
260 _bRoutledge
856 _uhttps://www.tandfonline.com/loi/rcnj20
942 _2ddc
942 _cTFEJ
999 _c76061
_d76061
945 _a1
_bMadushi Gamage
_c1
_dMadushi Gamage